Sports Quiz

Random Sports Quiz

Best PGs of all time Quiz Stats

 Plays Quiz not verified by Sporcle

Challenge
Share
Tweet
Embed
Score 0/10 Timer 10:00
0 Plays Today
questions Answer % Correct
most athleticwestbrook
75%
the pg to score the most pointswestbrook
75%
best passermagic johnson
50%
best player on the cavskyrie irving
40%
shortest pg right nowisiah thomas
30%
best pg in the eastjohn wall
25%
best shooterwardell curry
20%
pacerspaul george
15%
shortest pg of all timemugsy bouges
10%
the pg to have the most assist in one gamescott skiles
10%

You're not logged in!

Compare scores with friends on all Sporcle quizzes.
Join for Free
OR
Log In

You Might Also Like...

Show Comments

Extras

Created Apr 27, 2017ReportNominate
Tags:pgs

Top Quizzes Today


Score Distribution

Your Account Isn't Verified!

In order to create a playlist on Sporcle, you need to verify the email address you used during registration. Go to your Sporcle Settings to finish the process.

Report this User

Report this user for behavior that violates our Community Guidelines.

Details: